| 000 | 02406njm a2200397Ia 4500 | ||
|---|---|---|---|
| 001 | 27448 | ||
| 003 | IT-RoPAU | ||
| 005 | 20220918181120.0 | ||
| 008 | 131025s9999 xx 000 0 und d | ||
| 040 | _aIT-RoPAU | ||
| 040 | _cIT-RoPAU | ||
| 999 |
_c99683 _d99683 |
||
| 999 | _bn.d. | ||
| 100 |
_aAA.VV. _9794 |
||
| 100 |
_eAutore musica _918102 |
||
| 100 |
_gCodice autore musica SPICS: 12000 _9796 |
||
| 245 | _aFolklore da cinque continenti | ||
| 250 | _a1a ed. | ||
| 260 | _aALBANO | ||
| 260 | _bEP - MUSICALI E DISCOGRAFICHE | ||
| 300 | _aDISCO | ||
| 500 | _aMusica folk. Brani di folklore internazionale eseguiti in veste moderna da noti complessi che si ascoltano giornalmente nei programmi della radio italiana e di radio straniere | ||
| 505 | _aThe Accordeon From Formosa (Assenza Sal) - Luci di Tokio (Montzel Joseph) - Scherzo scozzese (Montzel Joseph) - Malumba - Caravan Beat - West Ride (De Gemini Franco) - Constellation (Saracino Pino) - Organ Hard (Montzel Joseph) - Music Bag (Monti Elvio) - Parintintin (Monti Elvio) - Rivediamoci (Saracino Pino) - Trumpet Shake (Saracino Pino) - Ma che m'importa - Out of the Sky (Assenza Sal) | ||
| 650 |
_aFOLK [DISCHI] _eCodice MATERIA SPICS: 9950 _91209 |
||
| 700 |
_aAssenza Sal _dCodice autore musica SPICS: 28293 _eAutore musica _pThe Accordeon From Formosa - Ma che m'importa - Out of the Sky _918103 |
||
| 700 |
_aFerrini C. _dCodice autore musica SPICS: 28294 _eAutore musica _pLuci di Tokio _918104 |
||
| 700 |
_aMontzel Joseph _dCodice autore musica SPICS: 11029 _eAutore musica _pScherzo scozzese - Parintintin _918105 |
||
| 700 |
_aTiagran _dCodice autore SPICS: 28295 _eAutore _pScherzo scozzese - Parintintin _918106 |
||
| 700 |
_aSurace D. _dCodice autore musica SPICS: 22538 _eAutore musica _pMalumba - Caravan Beat - Music Bag - Rivediamoci _918107 |
||
| 700 |
_aPelleus _dCodice autore musica SPICS: 24144 _eAutore musica _pWest Ride - Trumpet Shake - Ma che m'importa _918108 |
||
| 700 |
_aRaspanti M. _dCodice autore musica SPICS: 14383 _eAutore musica _pConstellation _918109 |
||
| 700 |
_aMonti Elvio _dCodice autore musica SPICS: 11030 _eAutore musica _pMusic Bag _918110 |
||
| 700 |
_aCambi _dCodice autore SPICS: 28299 _eAutore _pRivediamoci _918111 |
||
| 700 |
_aRicca _dCodice autore SPICS: 28300 _eAutore _pOut of the Sky _918112 |
||
| 700 |
_aDenny _dCodice autore testo/musica SPICS: 28301 _eAutore testo/musica _pOut of the Sky _918113 |
||
| 942 |
_cMD _2ddc |
||